[Event "GBR-ch108 Major Open"]
[Site "Torquay"]
[Date "2022.08.16"]
[Round "4"]
[White "Fowler, Hugo"]
[Black "Headlong, Georgia"]
[Result "1-0"]
[WhiteElo "1686"]
[BlackElo "1417"]
[PlyCount "85"]
[EventDate "2022.08.13"]
[EventType "swiss"]
[EventRounds "9"]
[EventCountry "GBR"]
[SourceTitle "BritBase"]
[Source "John Saunders"]
[SourceDate "2021.06.05"]
[SourceVersion "1"]
[SourceVersionDate "2021.06.05"]
[SourceQuality "1"]

1. e4 e5 2. Bc4 Nf6 3. d3 Nc6 4. Nf3 Bc5 5. c3 a6 6. Nbd2 O-O 7. h3 h6 8. Bb3
d5 9. Qe2 Ba7 10. Nf1 dxe4 11. dxe4 Qd6 12. Ng3 Ne7 13. Nh4 Nh7 14. O-O Qf6 15.
Nf3 Ng6 16. Rd1 Qe7 17. Nf5 Bxf5 18. exf5 Nh4 19. Nxh4 Qxh4 20. Rd7 Rac8 21.
Be3 Bxe3 22. Qxe3 Nf6 23. Rd2 Rfe8 24. Rad1 Qh5 25. g4 Qh4 26. Kg2 h5 27. g5
Ne4 28. g6 Kh8 29. gxf7 Rf8 30. Rd5 Nd6 31. Rxd6 cxd6 32. Rxd6 Qf4 33. Qxf4
exf4 34. Kf3 Kh7 35. Kxf4 Rc6 36. Rxc6 bxc6 37. Ke5 g5 38. Ke6 Ra8 39. f6 h4
40. Bc2+ Kh6 41. Be4 g4 42. Bxc6 Rc8 43. Be8 1-0

[Event "GBR-ch108 Major Open"]
[Site "Torquay"]
[Date "2022.08.16"]
[Round "4"]
[White "Mize, Dylan"]
[Black "Ruane, Brendan J"]
[Result "1/2-1/2"]
[WhiteElo "1538"]
[BlackElo "1697"]
[PlyCount "107"]
[EventDate "2022.08.13"]
[EventType "swiss"]
[EventRounds "9"]
[EventCountry "GBR"]
[SourceTitle "BritBase"]
[Source "John Saunders"]
[SourceDate "2021.06.05"]
[SourceVersion "1"]
[SourceVersionDate "2021.06.05"]
[SourceQuality "1"]

1. d4 Nf6 2. Nf3 g6 3. c4 Bg7 4. Nc3 d5 5. Bg5 Ne4 6. Bh4 Nxc3 7. bxc3 O-O 8.
e3 dxc4 9. Bxc4 c5 10. O-O Qc7 11. Rc1 Nc6 12. Re1 Na5 13. Bf1 b6 14. Qa4 Bb7
15. Bg3 Qc8 16. Ne5 Nc6 17. Nd3 e5 18. d5 Nd8 19. e4 f6 20. f3 Nf7 21. Qc2 Qd7
22. a4 Nd6 23. Nb2 Rf7 24. Nc4 Nxc4 25. Bxc4 Qd6 26. Qe2 Kh8 27. Ra1 a5 28.
Rab1 Rb8 29. Rb2 Bc8 30. Bb5 Bf8 31. Bc6 Qd8 32. Reb1 Bd6 33. Kf1 Bc7 34. Ke1
Qd6 35. Qd3 f5 36. Kd1 fxe4 37. fxe4 Bg4+ 38. Kc2 Rbf8 39. Kb3 Bd7 40. Bxd7
Qxd7 41. Rd2 Kg7 42. c4 Bd6 43. Rdd1 Qd8 44. Ka3 Rb7 45. Rf1 Rbf7 46. Rfd1 Rb7
47. Rf1 Rbf7 48. Rxf7+ Rxf7 49. Qe2 h5 50. Qb2 Qg5 51. Qxb6 Rf6 52. Qxa5 h4 53.
Rb3 Kh6 54. Qa8 1/2-1/2

[Event "GBR-ch108 Major Open"]
[Site "Torquay"]
[Date "2022.08.16"]
[Round "4"]
[White "Liu, Tianyi (Jack)"]
[Black "Moss, Jack"]
[Result "1/2-1/2"]
[WhiteElo "1529"]
[BlackElo "1707"]
[PlyCount "89"]
[EventDate "2022.08.13"]
[EventType "swiss"]
[EventRounds "9"]
[EventCountry "GBR"]
[SourceTitle "BritBase"]
[Source "John Saunders"]
[SourceDate "2021.06.05"]
[SourceVersion "1"]
[SourceVersionDate "2021.06.05"]
[SourceQuality "1"]

1. e4 e5 2. Nf3 Nc6 3. Bb5 Nge7 4. O-O g6 5. c3 a6 6. Ba4 Bg7 7. d4 exd4 8.
cxd4 b5 9. Bb3 O-O 10. d5 Na5 11. Bd2 c5 12. dxc6 Bxb2 13. Bxa5 Qxa5 14. cxd7
Bxa1 15. dxc8=Q Raxc8 16. e5 Rcd8 17. Qe2 Nf5 18. Nbd2 Nd4 19. Nxd4 Bxd4 20.
Nf3 Bc3 21. Qe4 Rde8 22. Rc1 Re7 23. Qh4 Rfe8 24. Ng5 h5 25. Nxf7 Kh7 26. Qg5
Bd2 27. f4 Rxf7 28. Bxf7 Qb6+ 29. Kf1 Bxc1 30. Bxe8 Qe6 31. Qd8 Bxf4 32. Qd7+
Qxd7 33. Bxd7 Bxe5 34. h3 Kg7 35. Ke2 b4 36. Kd3 a5 37. Ke4 Kf6 38. Be8 h4 39.
Bd7 Bc7 40. Bc6 Ke6 41. Kd4 g5 42. Kc4 Ke5 43. Kb3 Kd4 44. Bb7 Kc5 45. Bf3
1/2-1/2

[Event "GBR-ch108 Major Open"]
[Site "Torquay"]
[Date "2022.08.16"]
[Round "4"]
[White "Burton, Nick"]
[Black "Liu, Jacob"]
[Result "1-0"]
[WhiteElo "1740"]
[BlackElo "1269"]
[PlyCount "53"]
[EventDate "2022.08.13"]
[EventType "swiss"]
[EventRounds "9"]
[EventCountry "GBR"]
[SourceTitle "BritBase"]
[Source "John Saunders"]
[SourceDate "2021.06.05"]
[SourceVersion "1"]
[SourceVersionDate "2021.06.05"]
[SourceQuality "1"]

1. e4 e6 2. d3 c5 3. Nf3 Nc6 4. g3 g6 5. Bg2 Bg7 6. O-O Nge7 7. Nbd2 O-O 8. Re1
b6 9. c3 d5 10. e5 Ba6 11. Nf1 Qc7 12. Bf4 Rac8 13. h4 Rfd8 14. N1h2 d4 15. c4
Bb7 16. Ng4 a6 17. Nf6+ Kh8 18. Ng5 Ng8 19. Nfxh7 Rd7 20. Nf6 Bxf6 21. exf6 Qd8
22. h5 Qxf6 23. Bxc6 Qe7 24. Bxb7 Rxb7 25. hxg6 fxg6 26. Rxe6 Qg7 27. Be5 1-0

[Event "GBR-ch108 Major Open"]
[Site "Torquay"]
[Date "2022.08.16"]
[Round "4"]
[White "Tye, Jack"]
[Black "Sivanandan, Bodhana"]
[Result "1/2-1/2"]
[WhiteElo "1428"]
[BlackElo "1436"]
[PlyCount "161"]
[EventDate "2022.08.13"]
[EventType "swiss"]
[EventRounds "9"]
[EventCountry "GBR"]
[SourceTitle "BritBase"]
[Source "John Saunders"]
[SourceDate "2021.06.05"]
[SourceVersion "1"]
[SourceVersionDate "2021.06.05"]
[SourceQuality "1"]

1. e4 e5 2. Nf3 Nc6 3. Bb5 a6 4. Ba4 d6 5. c3 Nf6 6. d3 Be7 7. O-O O-O 8. Re1
h6 9. Nbd2 Bd7 10. Nf1 Re8 11. Ng3 Bf8 12. h3 b5 13. Bc2 Ne7 14. d4 Ng6 15. Bd2
c5 16. a4 exd4 17. cxd4 Qc7 18. axb5 Bxb5 19. Ba4 Bxa4 20. Qxa4 Qb7 21. d5 Qb5
22. Bc3 Nd7 23. Nf5 Nf4 24. Nd2 g6 25. Nh4 Reb8 26. Qc4 Nd3 27. Re3 Nb4 28. Rc1
Qxc4 29. Nxc4 Na2 30. Ra1 Nxc3 31. bxc3 Rb5 32. Nf3 a5 33. e5 Nxe5 34. Ncxe5
dxe5 35. Nxe5 Bg7 36. d6 Rd8 37. Rd1 Rb6 38. Nc4 Ra6 39. d7 Bf6 40. Re8+ Kg7
41. Rxd8 Bxd8 42. Nd6 Ra7 43. Kf1 a4 44. Nb5 Rb7 45. c4 Kf8 46. Ke2 Ke7 47. Ra1
Kxd7 48. Rxa4 Be7 49. Kd3 Ke6 50. g4 Rd7+ 51. Ke4 Kf6 52. Kf4 Rd3 53. f3 g5+
54. Kg3 Kg7 55. Ra3 Rd2 56. Re3 Bf6 57. Re4 Kg6 58. Nc7 Bd4 59. Nb5 Bf2+ 60.
Kg2 Bh4+ 61. Kh1 Bg3 62. Kg1 Bh2+ 63. Kf1 Bf4 64. h4 Bg3 65. h5+ Kf6 66. Re2
Rd1+ 67. Kg2 Be5 68. Rc2 Ke6 69. Nc3 Bxc3 70. Rxc3 f5 71. Ra3 fxg4 72. fxg4 Ke5
73. Ra6 Kf4 74. Rxh6 Kxg4 75. Rc6 Rd2+ 76. Kf1 Kxh5 77. Rxc5 Kg4 78. Rc8 Rc2
79. c5 Kg3 80. c6 g4 81. c7 1/2-1/2

[Event "GBR-ch108 Major Open"]
[Site "Torquay"]
[Date "2022.08.16"]
[Round "4"]
[White "Davis, Timothy"]
[Black "Cox, Lucian"]
[Result "1-0"]
[WhiteElo "1660"]
[BlackElo "1295"]
[PlyCount "109"]
[EventDate "2022.08.13"]
[EventType "swiss"]
[EventRounds "9"]
[EventCountry "GBR"]
[SourceTitle "BritBase"]
[Source "John Saunders"]
[SourceDate "2021.06.05"]
[SourceVersion "1"]
[SourceVersionDate "2021.06.05"]
[SourceQuality "1"]

1. e4 c5 2. Nf3 d6 3. Bb5+ Nc6 4. Bxc6+ bxc6 5. O-O Nf6 6. Re1 g6 7. b3 Bg7 8.
Bb2 O-O 9. d3 Qc7 10. e5 Nh5 11. exd6 exd6 12. Bxg7 Kxg7 13. Qd2 Be6 14. Qc3+
Kg8 15. Nbd2 Nf4 16. Ne4 Nd5 17. Nf6+ Nxf6 18. Qxf6 Rae8 19. Qf4 Bd5 20. Nd2
Qa5 21. c4 Be6 22. Ne4 d5 23. Nf6+ Kh8 24. Nxe8 Rxe8 25. Re3 Qc3 26. Qe5+ Qxe5
27. Rxe5 Kg7 28. Rae1 Kf8 29. f4 h5 30. Kf2 Re7 31. Rc1 f6 32. Re2 d4 33. Rce1
Kf7 34. f5 gxf5 35. Kg3 a5 36. Kh4 f4 37. Kxh5 Re8 38. Rxe6 Rxe6 39. Rxe6 Kxe6
40. Kg4 Ke5 41. h4 f5+ 42. Kg5 Ke6 43. Kxf4 Kf6 44. h5 Kg7 45. Kxf5 Kh6 46. g4
Kh7 47. Kf6 Kg8 48. g5 Kh8 49. g6 Kg8 50. g7 a4 51. bxa4 Kh7 52. Kf7 Kh6 53.
g8=Q Kxh5 54. Qg3 Kh6 55. Qg6# 1-0

[Event "GBR-ch108 Major Open"]
[Site "Torquay"]
[Date "2022.08.16"]
[Round "4"]
[White "Sainbayar, Anuurai"]
[Black "Li, Ethan"]
[Result "0-1"]
[WhiteElo "1525"]
[BlackElo "1553"]
[PlyCount "64"]
[EventDate "2022.08.13"]
[EventType "swiss"]
[EventRounds "9"]
[EventCountry "GBR"]
[SourceTitle "BritBase"]
[Source "John Saunders"]
[SourceDate "2021.06.05"]
[SourceVersion "1"]
[SourceVersionDate "2021.06.05"]
[SourceQuality "1"]

1. b4 e5 2. Bb2 f6 3. a3 d5 4. e3 Bd6 5. c4 c6 6. h3 Be6 7. Qh5+ g6 8. Qh4 Nd7
9. cxd5 cxd5 10. Nc3 a6 11. Nge2 Ne7 12. g4 g5 13. Qg3 h5 14. gxh5 Nf5 15. Qh2
e4 16. Qg1 Ne5 17. Bg2 Nd3+ 18. Kf1 Nxb2 19. Nd4 Nxd4 20. exd4 Nd3 21. f3 f5
22. Ke2 Qc7 23. fxe4 fxe4 24. Bf1 Rf8 25. Nd1 Qc4 26. Ne3 Qxd4 27. Rb1 O-O-O
28. Nf5 Qe5 29. Nxd6+ Rxd6 30. b5 axb5 31. Rxb5 Qa1 32. Qa7 Qe1# 0-1

[Event "GBR-ch108 Major Open"]
[Site "Torquay"]
[Date "2022.08.16"]
[Round "4"]
[White "Latypova, Olga L"]
[Black "Ashworth, Robert"]
[Result "1/2-1/2"]
[WhiteElo "1353"]
[BlackElo "1581"]
[PlyCount "44"]
[EventDate "2022.08.13"]
[EventType "swiss"]
[EventRounds "9"]
[EventCountry "GBR"]
[SourceTitle "BritBase"]
[Source "John Saunders"]
[SourceDate "2021.06.05"]
[SourceVersion "1"]
[SourceVersionDate "2021.06.05"]
[SourceQuality "1"]

1. e4 e5 2. Nf3 Nc6 3. Bc4 Bc5 4. c3 Nf6 5. d3 h6 6. O-O d6 7. Bb3 O-O 8. Bc2
Bg4 9. Nbd2 Nh7 10. b4 Bb6 11. Nc4 Ne7 12. Nxb6 axb6 13. h3 Bh5 14. d4 exd4 15.
cxd4 Qd7 16. a3 Nc6 17. Be3 Rfe8 18. g4 Bg6 19. Nd2 Nf6 20. f3 Rad8 21. Re1 Qe7
22. Bf2 h5 1/2-1/2

[Event "GBR-ch108 Major Open"]
[Site "Torquay"]
[Date "2022.08.16"]
[Round "4"]
[White "Oh, Julie"]
[Black "Willow, Hambel M"]
[Result "0-1"]
[WhiteElo "1161"]
[BlackElo "1585"]
[PlyCount "84"]
[EventDate "2022.08.13"]
[EventType "swiss"]
[EventRounds "9"]
[EventCountry "GBR"]
[SourceTitle "BritBase"]
[Source "John Saunders"]
[SourceDate "2021.06.05"]
[SourceVersion "1"]
[SourceVersionDate "2021.06.05"]
[SourceQuality "1"]

1. e4 c6 2. Nf3 d5 3. d3 dxe4 4. Ng5 Nf6 5. Nxe4 Nxe4 6. dxe4 Qxd1+ 7. Kxd1 Nd7
8. c3 Nf6 9. f3 e6 10. Be3 Be7 11. Kc2 O-O 12. Be2 Rd8 13. Nd2 Bd7 14. Nb3 b6
15. Rad1 c5 16. Bf4 Ba4 17. Ba6 b5 18. Bb7 Rxd1 19. Rxd1 Rf8 20. Bd6 Bxd6 21.
Rxd6 c4 22. Ra6 Nd7 23. Rc6 g6 24. Rc7 Rd8 25. Ba6 Ne5 26. Rxa7 Nd3 27. Bxb5
cxb3+ 28. axb3 Bxb5 29. c4 Bc6 30. Rc7 f5 31. exf5 exf5 32. Kc3 Be8 33. b4 Ne1
34. b5 Nxg2 35. b6 Rb8 36. b7 Kf8 37. c5 Nf4 38. Kd4 Ne6+ 39. Kd5 Nxc7+ 40. Kd6
Rxb7 41. c6 Bxc6 42. Kxc6 Rxb2 0-1

[Event "GBR-ch108 Major Open"]
[Site "Torquay"]
[Date "2022.08.16"]
[Round "4"]
[White "Karski, Sebastian"]
[Black "McKay, Ruairidh"]
[Result "1-0"]
[WhiteElo "1800"]
[BlackElo "1394"]
[PlyCount "67"]
[EventDate "2022.08.13"]
[EventType "swiss"]
[EventRounds "9"]
[EventCountry "GBR"]
[SourceTitle "BritBase"]
[Source "John Saunders"]
[SourceDate "2021.06.05"]
[SourceVersion "1"]
[SourceVersionDate "2021.06.05"]
[SourceQuality "1"]

1. e4 c6 2. d4 d5 3. f3 e6 4. Nc3 Nd7 5. Bf4 Nb6 6. Qd2 Ne7 7. O-O-O Ng6 8. Be3
Bb4 9. a3 Be7 10. Bd3 Qc7 11. Qf2 Bd7 12. Nge2 f6 13. h4 O-O-O 14. h5 Nf8 15.
e5 f5 16. g4 h6 17. gxf5 exf5 18. Ng3 Ne6 19. Nxf5 Rde8 20. Rhg1 Bf8 21. f4 Kb8
22. Nh4 Nc4 23. Bxc4 dxc4 24. f5 Ng5 25. Qf1 b5 26. e6 Bc8 27. Ng6 Bd6 28. Nxh8
Rxh8 29. Ne2 Qa5 30. Bf4 Bxf4+ 31. Qxf4+ Kb7 32. d5 cxd5 33. Rxd5 Qb6 34. Qe5
1-0

[Event "GBR-ch108 Major Open"]
[Site "Torquay"]
[Date "2022.08.17"]
[Round "5"]
[White "Ogunshola, Ben"]
[Black "Dignam, Matthew"]
[Result "1/2-1/2"]
[WhiteElo "2140"]
[BlackElo "2080"]
[PlyCount "46"]
[EventDate "2022.08.13"]
[EventType "swiss"]
[EventRounds "9"]
[EventCountry "GBR"]
[SourceTitle "BritBase"]
[Source "John Saunders"]
[SourceDate "2021.06.05"]
[SourceVersion "1"]
[SourceVersionDate "2021.06.05"]
[SourceQuality "1"]

1. c4 Nf6 2. Nc3 g6 3. g3 Bg7 4. Bg2 O-O 5. d3 c6 6. e4 d6 7. Nge2 a5 8. O-O
Na6 9. h3 e5 10. Be3 Re8 11. Rb1 Be6 12. f4 exf4 13. gxf4 d5 14. cxd5 cxd5 15.
e5 Nh5 16. Nd4 Ng3 17. Rf3 Nf5 18. Nxf5 Bxf5 19. Nb5 Nb4 20. Bf2 Bf8 21. a3 Nc6
22. Rc1 Rc8 23. Kh1 Qd7 1/2-1/2

[Event "GBR-ch108 Major Open"]
[Site "Torquay"]
[Date "2022.08.17"]
[Round "5"]
[White "Saunders, Aron"]
[Black "Smith, Andrew Philip"]
[Result "1/2-1/2"]
[WhiteElo "1517"]
[BlackElo "2073"]
[PlyCount "37"]
[EventDate "2022.08.13"]
[EventType "swiss"]
[EventRounds "9"]
[EventCountry "GBR"]
[SourceTitle "BritBase"]
[Source "John Saunders"]
[SourceDate "2021.06.05"]
[SourceVersion "1"]
[SourceVersionDate "2021.06.05"]
[SourceQuality "1"]

1. e4 c5 2. c3 d5 3. exd5 Qxd5 4. Nf3 Nf6 5. d4 e6 6. Be3 cxd4 7. cxd4 Nc6 8.
Nc3 Qd6 9. Bc4 Be7 10. O-O O-O 11. Qe2 Na5 12. Bd3 b6 13. Ne5 Bb7 14. Rac1 Rac8
15. Rfd1 Rfd8 16. Bf4 Bf8 17. Nxf7 Qxf4 18. Qxe6 Re8 19. Nh6+ 1/2-1/2

[Event "GBR-ch108 Major Open"]
[Site "Torquay"]
[Date "2022.08.17"]
[Round "5"]
[White "James, Russell A"]
[Black "Leslie, Alex"]
[Result "1/2-1/2"]
[WhiteElo "2033"]
[BlackElo "1827"]
[PlyCount "97"]
[EventDate "2022.08.13"]
[EventType "swiss"]
[EventRounds "9"]
[EventCountry "GBR"]
[SourceTitle "BritBase"]
[Source "John Saunders"]
[SourceDate "2021.06.05"]
[SourceVersion "1"]
[SourceVersionDate "2021.06.05"]
[SourceQuality "1"]

1. e4 c5 2. Nf3 d6 3. d4 cxd4 4. Nxd4 Nf6 5. Nc3 g6 6. Be3 Bg7 7. f3 O-O 8. Qd2
Nc6 9. O-O-O d5 10. exd5 Nxd5 11. Nxc6 bxc6 12. Bd4 Nxc3 13. Qxc3 Bh6+ 14. Be3
Bxe3+ 15. Qxe3 Qb6 16. Re1 Be6 17. h4 Rab8 18. Qc3 Qb4 19. Re3 Rfd8 20. h5 Rd4
21. Qxb4 Rdxb4 22. b3 Kg7 23. Rc3 Rc8 24. Rc5 Rd4 25. Ba6 Rc7 26. hxg6 hxg6 27.
Rd1 Rxd1+ 28. Kxd1 Kf6 29. Bd3 Bd7 30. f4 Bf5 31. Bxf5 gxf5 32. Ke2 e6 33. b4
Ke7 34. Ra5 Kd6 35. Ke3 f6 36. Ra3 Rb7 37. c3 Rg7 38. Kf3 Rc7 39. c4 e5 40. g3
Rb7 41. Ra4 Ke6 42. Ke2 Rg7 43. Ra6 Kd6 44. Kf2 Rb7 45. a3 Rg7 46. Ra5 Rb7 47.
Kf3 Rg7 48. Ra6 Rb7 49. Ra5 1/2-1/2

[Event "GBR-ch108 Major Open"]
[Site "Torquay"]
[Date "2022.08.17"]
[Round "5"]
[White "Midhun, P U."]
[Black "Koiza, Peter"]
[Result "1/2-1/2"]
[WhiteElo "1965"]
[BlackElo "1781"]
[PlyCount "90"]
[EventDate "2022.08.13"]
[EventType "swiss"]
[EventRounds "9"]
[EventCountry "GBR"]
[SourceTitle "BritBase"]
[Source "John Saunders"]
[SourceDate "2021.06.05"]
[SourceVersion "1"]
[SourceVersionDate "2021.06.05"]
[SourceQuality "1"]

1. Nf3 d5 2. g3 g6 3. c4 dxc4 4. Bg2 Bg7 5. Na3 Nf6 6. Nxc4 O-O 7. O-O c5 8. d4
Na6 9. Bf4 Nd5 10. Bg5 h6 11. Bc1 cxd4 12. Nxd4 Nb6 13. Nxb6 Qxb6 14. Nb3 Rd8
15. Qe1 Be6 16. Be3 Qb4 17. Bd2 Qb5 18. Bc3 Rac8 19. Bxg7 Kxg7 20. Qa5 Qxa5 21.
Nxa5 Rc2 22. Bxb7 Nc5 23. Bf3 Rdd2 24. Rfc1 Na4 25. b3 Nc3 26. Rxc2 Rxc2 27. a4
Nxe2+ 28. Kf1 Nd4 29. Bd1 Rb2 30. Rc1 Kf6 31. Ke1 Nxb3 32. Nxb3 Bxb3 33. Bxb3
Rxb3 34. Rc7 a5 35. Rc5 e5 36. Rxa5 Kf5 37. Rb5 Ra3 38. Rb4 Ra2 39. h4 e4 40.
Kf1 h5 41. Rb5+ Kg4 42. Kg2 f6 43. Rb4 Kf5 44. Rb5+ Kg4 45. Rb4 Kf5 1/2-1/2

[Event "GBR-ch108 Major Open"]
[Site "Torquay"]
[Date "2022.08.17"]
[Round "5"]
[White "Alldritt, Nigel R E"]
[Black "Merriman, James"]
[Result "0-1"]
[WhiteElo "2049"]
[BlackElo "1683"]
[PlyCount "52"]
[EventDate "2022.08.13"]
[EventType "swiss"]
[EventRounds "9"]
[EventCountry "GBR"]
[SourceTitle "BritBase"]
[Source "John Saunders"]
[SourceDate "2021.06.05"]
[SourceVersion "1"]
[SourceVersionDate "2021.06.05"]
[SourceQuality "1"]

1. d4 Nf6 2. c4 e6 3. g3 c5 4. Nf3 cxd4 5. Nxd4 d5 6. Bg2 e5 7. Nf3 d4 8. O-O
Nc6 9. e3 Bc5 10. exd4 exd4 11. Re1+ Be6 12. Ng5 O-O 13. Rxe6 fxe6 14. Nxe6 Qb6
15. Nxf8 Rxf8 16. f3 Re8 17. Nd2 d3+ 18. Kh1 Re2 19. Nb3 Bb4 20. c5 Qb5 21. Bd2
Bxd2 22. Nxd2 Qxb2 23. Nc4 Qd4 24. Nd6 Qxa1 25. Qxa1 d2 26. Bf1 Re1 0-1

[Event "GBR-ch108 Major Open"]
[Site "Torquay"]
[Date "2022.08.17"]
[Round "5"]
[White "Starley, Robert"]
[Black "Thatte, Nishchal"]
[Result "0-1"]
[WhiteElo "1900"]
[BlackElo "1850"]
[PlyCount "70"]
[EventDate "2022.08.13"]
[EventType "swiss"]
[EventRounds "9"]
[EventCountry "GBR"]
[SourceTitle "BritBase"]
[Source "John Saunders"]
[SourceDate "2021.06.05"]
[SourceVersion "1"]
[SourceVersionDate "2021.06.05"]
[SourceQuality "1"]

1. e4 c5 2. Nf3 d6 3. d4 cxd4 4. Nxd4 Nf6 5. Nc3 a6 6. Bg5 e6 7. f4 h6 8. Bh4
Qb6 9. Qd2 Qxb2 10. Rb1 Qa3 11. f5 Be7 12. fxe6 fxe6 13. Rb3 Qa5 14. Bd3 Nxe4
15. Bxe4 Bxh4+ 16. g3 Bg5 17. Bg6+ Ke7 18. Qg2 Nd7 19. Be4 Bf6 20. Qd2 Qg5 21.
Nd5+ Kf7 22. Nxf6 Nxf6 23. Bxb7 Rb8 24. Bg2 Rxb3 25. axb3 Qc5 26. Qf2 Qe5+ 27.
Kd1 Bd7 28. Re1 Qc5 29. Qe3 Rc8 30. Re2 a5 31. Bh3 Re8 32. Ke1 Qh5 33. Bxe6+
Bxe6 34. Nxe6 Qxe2+ 35. Kxe2 Rxe6 0-1

[Event "GBR-ch108 Major Open"]
[Site "Torquay"]
[Date "2022.08.17"]
[Round "5"]
[White "Larkin, Benjamin"]
[Black "Truman, Richard G"]
[Result "1-0"]
[WhiteElo "1311"]
[BlackElo "1943"]
[PlyCount "69"]
[EventDate "2022.08.13"]
[EventType "swiss"]
[EventRounds "9"]
[EventCountry "GBR"]
[SourceTitle "BritBase"]
[Source "John Saunders"]
[SourceDate "2021.06.05"]
[SourceVersion "1"]
[SourceVersionDate "2021.06.05"]
[SourceQuality "1"]

1. e4 c5 2. Nf3 e6 3. d4 cxd4 4. Nxd4 Nc6 5. Nc3 Qc7 6. Be3 a6 7. Qf3 Ne5 8.
Qg3 Nf6 9. O-O-O b5 10. Bxb5 axb5 11. Ndxb5 Qb8 12. Bf4 d6 13. Rxd6 Nh5 14. Qg5
Bxd6 15. Nxd6+ Qxd6 16. Bxe5 Qc5 17. Qxh5 O-O 18. Qg5 f6 19. Bxf6 Qxg5+ 20.
Bxg5 Rxf2 21. g3 Ba6 22. h4 Bc4 23. b3 Bf1 24. Kb2 Rc8 25. Bf4 Bd3 26. Rc1 Kf7
27. b4 Rg2 28. b5 Rc5 29. Bd6 Rh5 30. a4 Ke8 31. Kb3 Kd7 32. e5 Bxb5 33. axb5
Rxg3 34. Ra1 Rxh4 35. Ra7+ 1-0

[Event "GBR-ch108 Major Open"]
[Site "Torquay"]
[Date "2022.08.17"]
[Round "5"]
[White "Kumar, Sanjit S"]
[Black "Sugden, John N"]
[Result "1/2-1/2"]
[WhiteElo "1534"]
[BlackElo "2032"]
[PlyCount "100"]
[EventDate "2022.08.13"]
[EventType "swiss"]
[EventRounds "9"]
[EventCountry "GBR"]
[SourceTitle "BritBase"]
[Source "John Saunders"]
[SourceDate "2021.06.05"]
[SourceVersion "1"]
[SourceVersionDate "2021.06.05"]
[SourceQuality "1"]

1. d4 Nf6 2. c4 c5 3. d5 e6 4. Nc3 exd5 5. cxd5 d6 6. Nf3 g6 7. Bf4 Bg7 8. h3
O-O 9. e3 Na6 10. Be2 Nc7 11. Qb3 Nh5 12. Bh2 f5 13. Nd2 Nf6 14. Nc4 Nce8 15.
a4 Ne4 16. Bf3 Nxc3 17. bxc3 b6 18. Rc1 Ba6 19. Be2 Bxc4 20. Qxc4 Qe7 21. O-O
Nc7 22. Qd3 Be5 23. Bxe5 Qxe5 24. c4 Ne8 25. a5 Nf6 26. axb6 axb6 27. Rb1 Rfb8
28. Rb3 Ne4 29. Bf3 Ng5 30. Qe2 Ra7 31. Rfb1 Rab7 32. h4 Nxf3+ 33. Qxf3 Kg7 34.
g3 Qe4 35. Qxe4 fxe4 36. Kg2 Kf6 37. f4 exf3+ 38. Kxf3 Ke5 39. Rb5 h6 40. R1b2
h5 41. Rb1 Kf5 42. Ra1 Ke5 43. Ke2 Ke4 44. Ra6 Rf8 45. Rbxb6 Rbf7 46. Rxd6 Rf2+
47. Kd1 Rf1+ 48. Kc2 R8f2+ 49. Kc3 Rc1+ 50. Kb3 Ke5 1/2-1/2

[Event "GBR-ch108 Major Open"]
[Site "Torquay"]
[Date "2022.08.17"]
[Round "5"]
[White "Shaw, Peter"]
[Black "Gartside, Carl"]
[Result "1-0"]
[WhiteElo "2117"]
[BlackElo "1739"]
[PlyCount "53"]
[EventDate "2022.08.13"]
[EventType "swiss"]
[EventRounds "9"]
[EventCountry "GBR"]
[SourceTitle "BritBase"]
[Source "John Saunders"]
[SourceDate "2021.06.05"]
[SourceVersion "1"]
[SourceVersionDate "2021.06.05"]
[SourceQuality "1"]

1. d4 Nf6 2. c4 e6 3. Nf3 Bb4+ 4. Nbd2 O-O 5. a3 Be7 6. e4 d6 7. Bd3 e5 8. d5
Nbd7 9. b4 a5 10. Bb2 c6 11. O-O Qc7 12. Nb3 axb4 13. axb4 Rxa1 14. Qc1 Rb1 15.
Qxb1 b5 16. Qa1 c5 17. cxb5 Qc6 18. Qa5 Qb6 19. Nfd2 Qb7 20. Qa1 Bd8 21. Na5
Nb6 22. Qd1 Qd7 23. Nc6 Nxe4 24. Nxe4 Qe8 25. Nxc5 Bf6 26. Bxe5 Bxe5 27. Ne7+
1-0

[Event "GBR-ch108 Major Open"]
[Site "Torquay"]
[Date "2022.08.17"]
[Round "5"]
[White "Davis, Cameron"]
[Black "Gardiner, Eric D"]
[Result "1/2-1/2"]
[WhiteElo "1487"]
[BlackElo "1915"]
[PlyCount "43"]
[EventDate "2022.08.13"]
[EventType "swiss"]
[EventRounds "9"]
[EventCountry "GBR"]
[SourceTitle "BritBase"]
[Source "John Saunders"]
[SourceDate "2021.06.05"]
[SourceVersion "1"]
[SourceVersionDate "2021.06.05"]
[SourceQuality "1"]

1. d4 d6 2. e4 Nf6 3. Nc3 e5 4. Nf3 Nbd7 5. Bc4 Be7 6. O-O O-O 7. Re1 c6 8. a4
a5 9. h3 Nb6 10. Ba2 Nfd7 11. dxe5 dxe5 12. Be3 Qc7 13. Ng5 Bxg5 14. Bxg5 Nc5
15. Be3 Ncxa4 16. Nxa4 Nxa4 17. Bb3 b5 18. Bxa4 bxa4 19. Rxa4 Ba6 20. Qg4 Bb5
21. Ra3 a4 22. Rd1 1/2-1/2

[Event "GBR-ch108 Major Open"]
[Site "Torquay"]
[Date "2022.08.17"]
[Round "5"]
[White "McKay, Jonathan"]
[Black "Pert, Nina"]
[Result "0-1"]
[WhiteElo "1636"]
[BlackElo "1553"]
[PlyCount "128"]
[EventDate "2022.08.13"]
[EventType "swiss"]
[EventRounds "9"]
[EventCountry "GBR"]
[SourceTitle "BritBase"]
[Source "John Saunders"]
[SourceDate "2021.06.05"]
[SourceVersion "1"]
[SourceVersionDate "2021.06.05"]
[SourceQuality "1"]

1. e4 c6 2. d4 d5 3. f3 Nd7 4. Nc3 e6 5. a3 Nb6 6. Be3 Nf6 7. e5 Nfd7 8. f4 c5
9. Nf3 Be7 10. Qd2 a6 11. Qf2 Qc7 12. Nd2 O-O 13. Bd3 cxd4 14. Bxd4 Nc5 15.
Bxc5 Qxc5 16. Qe2 f5 17. Nb3 Qc7 18. O-O Nc4 19. Nd1 b5 20. Rf3 Bb7 21. Rh3 g6
22. Kh1 Qb6 23. c3 Rac8 24. Nd4 a5 25. Qf2 Bc5 26. Qh4 Rf7 27. Nf3 Be7 28. Qe1
b4 29. axb4 axb4 30. Rb1 Ba6 31. Qe2 Ra8 32. Nd4 Bc5 33. Nf3 Rfa7 34. Nh4 Bb5
35. b3 Na3 36. Rc1 bxc3 37. Nxc3 Bxd3 38. Rxd3 Qb4 39. Qd2 Nb5 40. Qe1 Ra3 41.
Qg3 Ra1 42. Nb1 Na3 43. Rdd1 Nxb1 44. Rxb1 Qd4 45. Qe1 Rxb1 46. Rxb1 Qxf4 47.
Nf3 Ra2 48. b4 Qg4 49. Qf1 Rf2 50. Qg1 Bb6 51. b5 Qc4 52. h3 Rb2 53. Qd1 Qxb5
54. Rc1 Qb4 55. Ng5 Qe7 56. h4 Qd7 57. Ra1 d4 58. h5 Qd5 59. Nf3 d3 60. Qa4 Rb5
61. Qa6 Bd8 62. Qc8 Rc5 63. Qb8 d2 64. Rd1 Rc1 0-1